000 01021nam a2200229 a 4500
001 44885
003 BD-RjUL
005 20211209053931.0
008 160720s1987 bg ||||| |||| 00| 0 ben d
020 _c: Tk. 50.00
035 _a(BD-RjUL)45003
040 _aBD-RjUL
_bben
_cBD-RjUL
041 _aben
082 _223
_a338.95492
_bISB 1987
100 1 _a ইসলাম, নজরুল.
_9137539
245 1 0 _aবাংলাদেশের উন্নয়ন সমস্যা :
_bবর্তমান উন্নয়ন ধারার সংকট এবং বিকল্প পথের প্রশ্ন /
_cনজরুল ইসলাম
260 _aঢাকা :
_bজাতীয় সাহিত্য প্রকাশনী,
_c১৯৮৭
300 _a৩১৫ পৃ. :
_bচিত্র ;
_c২১ সেমি.
650 _aঅর্থনৈতিক উন্নয়ন
_zবাংলাদেশ
_9121522
650 _aEconomic growth
_zBangladesh
_9137540
942 _2ddc
_cBK
999 _c44885
_d44885